LEADER 01656nam a2200265 4500 001 000000348447 003 CaOOAMICUS 005 20211110140559.0 008 211110s1972 xxu e 000 u eng r 040 $aSeMil$bita 245 04$aThe encyclopedia of philosophy /$cPaul Edwards, editor in chief. 250 $aComplete and unabridged ed. 264 1$aNew York :$bMacmillan publishing & The free press ;$aLondon :$bCollier Macmillan publishers,$c1972. 300 $a8 v. (in 4 tomi) ;$c26 cm 500 $aRistampa dell'edizione del 1967 650 4$aFilosofia - Enciclopedie e dizionari.$0(OLS)http://semarc/subject/543 700 1 $aEdwards, Paul,$d<1923-2004>.$0(OLS)http://semarc/name/34688 774 0 $t1-2: Abbagnano to Entropy.$dNew York : Macmillan publishing & The free press ; London : Collier Macmillan publishers, 1972.$z0-02-894960-9$w()348449 774 0 $tEpictetus to Logic.$dNew York : Macmillan publishing & The free press ; London : Collier Macmillan publishers, 1972.$z0-02-894970-6$w()348450 774 0 $t5-6: Logic to Psychologism.$dNew York : Macmillan publishing & The free press ; London : Collier Macmillan publishers, 1972.$z0-02-894980-3$w()348451 774 0 $t7-8: Psychology to Zubiri ; Index.$dNew York : Macmillan publishing & The free press ; London : Collier Macmillan publishers, 1972.$z0-02-894990-0$w()348452 996 $6245$aThe encyclopedia of philosophy$9(OLS)http://semarc/title/437840 996 $6264$aNew York :$bMacmillan publishing & The free press$9(OLS)http://semarc/publisher/60219 996 $6264$aLondon :$bCollier Macmillan publishers$9(OLS)http://semarc/publisher/45981 LEADER 01056nam a2200265 4500 001 000000333718 003 CaOOAMICUS 005 20200408093901.0 008 190531s2003 fr 000 u fre r 020 $a978-2-01-279067-4 040 $aSeMil$bita 245 10$a3: Que reste-t-il du paradis? /$cJean Delumeau. 264 1$aParis :$bFayard,$c2003. 300 $a535 p. ;$c18 cm. 490 1 $aPluriel 700 1 $aDelumeau, Jean,$d<1923-2020>.$0(OLS)http://semarc/name/9665 773 0 $aDelumeau, Jean <1923-2020>$tHistoire du paradis.$dParis : Fayard, 1992-2003.$kPluriel$w()333709 830 0$aPluriel.$0(OLS)http://semarc/title/33895 850 $aSeMil 852 $aSeMil$W1$xVenegono$y1$m3C I 17$j213571$B226032$CSeMilBibl$Z2$F226032 $81 961 $aLorenzi don Ugo - Omaggio 996 $6020$a978-2-01-279067-4$9(OLS)http://semarc/number/287385 996 $6245$a3: Que reste-t-il du paradis?$9(OLS)http://semarc/title/423377 996 $6264$aParis :$bFayard$9(OLS)http://semarc/publisher/29821